000 00296nam a2200121Ia 4500
008 190216s9999||||xx |||||||||||||| ||und||
100 _aManahar Lotia
245 0 _aModern Mobile Phone Introduction And Servicing
260 _bBpb Pub
_c2000
300 _a169 p
650 _aPhysics
942 _cBK
999 _c33792
_d33792